000 01300nam a2200145Ia 4500
008 220216s9999 xx 000 0 und d
100 _aSunny Sebastian M
245 0 _aPreparation and properties of low protein latex
260 _bPapers presented at the IRMRA 18th Rubber Conference, Mumbai, January 20-21, 2000. p105-109
520 _aResidual proteins present in natural rubber (NR) latex products can cause allergic reactions in sensitized people. Chlorination and leaching are the methods commonly employed for reducing extractable proteins (EP) in latex products. Chlorination can adversely affect the physical properties of latex films. Well leached films on storage again show the presence of EP. This is due to the migration of EP to the surface from interior layer. Hence reduction of EP in latex itself can solve allergic reactions to latex proteins to a great extent. This paper reports the preparation and properties of a latex low in EP. In conventionally sulphur vulcanized films of this low protein latex (LPL), EP content is very low. Physical properties of vulcanized LPL films are good, eventhough slightly less than that of films prepared from standard centrifuged latex (SCL).
650 _aLow protein latex
700 _aThomas E V
700 _aValsa George
942 _cJS
999 _c65571
_d65571